000 00656cam a22002291 4500
001 7937400
005 20180111071819.0
008 750828s1957 iaua 000 0 eng
010 _a 57007851
035 _a(OCoLC)1578527
040 _aDLC
_cFMU
_dOCoLC
_dDLC
041 _aeng
042 _apremarc
080 _a631.8 BAU
082 _a631.8 BAU
100 1 _a17
101 _aHIS
245 0 0 _aEconomic and technical analysis of fertilizer innovations and resource use,
_cedited by E. L. Baum [and others]
740 0 _aFertilizer innovations and resource use.
906 _a7
_bcbc
_coclcrpl
_du
_encip
_f19
_gy-gencatlg
942 _2ddc
_cBK
999 _c40118
_d40118